| 000 | 01385nam a2200433 i 4500 | ||
|---|---|---|---|
| 001 | 29901 | ||
| 003 | KOSZ 005 | ||
| 005 | 20200720095456.0 | ||
| 008 | 970510s1993 pl a f |001 0 pol | ||
| 015 | _aUWD 1993/7252 | ||
| 035 | _a991001046089705066 | ||
| 035 | _a(PL-WaBN)b10314362-48omnis_nlop | ||
| 035 | _ab10314362 | ||
| 035 | _a(OCoLC)830056353 | ||
| 035 | _a(PL)b0000001031436 | ||
| 035 | _a(EXLNZ-48OMNIS_NETWORK)9910320034205606 | ||
| 040 |
_aWA N _cWA N _dKOSZ 005/EG |
||
| 041 | _apol | ||
| 046 | _k1993 | ||
| 080 | _a37(03) | ||
| 245 | 0 | 0 |
_aEncyklopedia pedagogiczna / _cpod red. Wojciecha Pomykało. |
| 260 |
_aWarszawa : _bFundacja "Innowacja", _c1993. |
||
| 300 |
_aVIII, 1016 s. : _brys., wykr., err. ; _c24 cm. |
||
| 336 |
_aTekst _btxt _2rdacontent |
||
| 337 |
_aBez urządzenia pośredniczącego _bn _2rdamedia |
||
| 338 |
_aWolumin _bnc _2rdacarrier |
||
| 380 | _aKsiążki | ||
| 380 | _aPublikacje informacyjne | ||
| 388 | _a1901-2000 | ||
| 388 | _a1989-2000 | ||
| 504 | _aBibliogr. przy hasłach. - Indeks. | ||
| 650 | 7 |
_aPedagogika _2DBN |
|
| 655 | 7 |
_aEncyklopedia _2DBN |
|
| 658 | _aEdukacja i pedagogika | ||
| 700 | 1 |
_aPomykało, Wojciech _d(1931- ) _eRedakcja |
|
| 856 |
_uhttp://koha.tu.koszalin.pl/cgi-bin/koha/opac-detail.pl?biblionumber=29901 _yKatalog online BPK |
||
| 942 |
_2UKD _cKS |
||
| 999 |
_c29901 _d29901 |
||